000 01836nam a2200445 c 4500
999 _c121237
_d121237
003 BLK
005 20250723092242.0
008 180409b bul|||||r ||||||| ||bul||
010 _aKNG00126859000
040 _aBLK
041 _aBUL
_cBUL
072 7 _2bullib
_aК
_xКраезнание
072 7 _2bullib
_aЯ
_xАвтографи
080 _aСпециални образователни средни училища - Училища с засилено изучаване на класически езици, на математика и естествени науки и др.
_b373.52
_x:5(497.215)(091)
_z373.52:5(497.215)(091)
100 1 _aАнтонова, Евгения Иванова
_eпърви автор
_9317019
139 _aАнтонова, Евгения Иванова
_bА 75
245 1 0 _aИ миналото вълнува
_b125 г. гимназия "Баба Тонка" - Русе
_cЕвгения Иванова Антонова.
257 _aBGR
260 _bБЗНС
_c1989
300 _a295 с., 12 л.
_bил., портр.
_c21 см
380 _a3
500 _a5 000 тир. - Библиогр. с. 288-289.
650 4 _aСредни училища - България - Русе
_9279831
651 4 _aБългария
_9241624
651 4 _aРусе
_9179462
653 _aгимназии
653 _aсредни училища
653 _aистория
653 _aМатематическа гимназия
659 _aК
659 _aЯ
852 _aЦб 157918
852 _aК 373.5/А 75 Е
856 4 _qpdf
856 4 _qpdf
942 _cKNG
_n0
_012
_s1
944 _aCR
_c02.02.2012
_lЦветомила Тодорова
_k30576
944 _aED
_c22.06.2016
_l02.02.2012 - от С1,Р / 02.02.2012
_kПенка_Димитрова
999 _d121237